राजस्थान की लोककथाएँ (Record no. 3161)

MARC details
000 -LEADER
fixed length control field 01243 a2200229 4500
005 - DATE AND TIME OF LATEST TRANSACTION
control field 20190706161311.0
010 ## - LCCN (DPL NO)
LC control number HIN-79616 B-283475, B-257755
020 ## - INTERNATIONAL STANDARD BOOK NUMBER
International Standard Book Number 8188068098
Terms of availability 175.00
035 ## - SYSTEM CONTROL NUMBER
System control number HN-51962 B-283475, B-257755, B-257750
037 ## - SOURCE OF ACQUISITION
Source of stock number/acquisition D.B.Act / pub
082 ## - DEWEY DECIMAL CLASSIFICATION NUMBER
Classification number
100 ## - MAIN ENTRY--PERSONAL NAME
Personal name ऐरी, कृष्णगोपाल
245 ## - TITLE STATEMENT
Title राजस्थान की लोककथाएँ
Statement of responsibility, etc कृष्णकुमार ऐरी
246 ## - VARYING FORM OF TITLE
Title proper/short title Rajasthan kee Lok Kathayen
260 ## - PUBLICATION, DISTRIBUTION, ETC. (IMPRINT)
Place of publication, distribution, etc दिल्ली
Name of publisher, distributor, etc जगतराम एण्ड कम्पनी
Date of publication, distribution, etc 2008
270 ## - ADDRESS
Address ए-1032, नई सब्जी मण्डी आजादपुर
City दिल्ली
Postal code 110033
300 ## - PHYSICAL DESCRIPTION
Extent 144पृ
Other physical details (सचित्र)
Dimensions 22 सेमी (सजिल्द)
650 ## - SUBJECT ADDED ENTRY--TOPICAL TERM
Topical term or geographic name as entry element हिन्दी कहानियाँ
650 ## - SUBJECT ADDED ENTRY--TOPICAL TERM
Topical term or geographic name as entry element Hindi Stories
942 ## - ADDED ENTRY ELEMENTS (KOHA)
Institution code [OBSOLETE] dpl
Item type Hindi Books
Call number prefix क / ऐरीकृ
Source of classification or shelving scheme Dewey Decimal Classification
Classification part
Call number suffix ऐरीकृ
Holdings
Withdrawn status Lost status Not for loan Home library Current library Date acquired Cost, normal purchase price Full call number Barcode Copy number Cost, replacement price Koha item type Collection code Source of acquisition
      D.B.Act.Division D.B.Act.Division 11/09/2008 175.00 क ऐरीकृ HN-51962 1 175.00 Hindi Books    
      R.C.Libraries (BL-IV) R.C.Libraries (BL-IV) 06/07/2019 175.00 क ऐरीकृ B-257750   175.00 Children Books Fiction BPPD/PUB
      R.C.Libraries (zls) R.C.Libraries (zls) 08/12/2018 175.00 क ऐरीकृ B-257755 1. 175.00 Hindi Books Fiction  
      Sarojini Nagar Sarojini Nagar 24/06/2026 175.00 क ऐरीकृ B-257757   175.00 Hindi Books Fiction  
      Vinoba Puri Vinoba Puri 26/09/2008 175.00 क ऐरीकृ B-283475 1 175.00 Hindi Books Fiction दि.पु.सदन/079/28.7.08/20/15.7.08/29.7.08

© Delhi Public Library
Hit Counter
free hit counter